| 000 | 00622nam a2200217 a 4500 | ||
|---|---|---|---|
| 001 | BRL_730 | ||
| 005 | 20190320210854.0 | ||
| 008 | 300913s19uu----enk#######---#000-1#eng-# | ||
| 041 | _aeng | ||
| 044 | _aenk | ||
| 050 | 4 |
_aPR6045.O53 _b.W64 1900 |
|
| 100 | 1 |
_aWodehouse, P. G. _d1881-1975 _q(Pelham Grenville) _924775 |
|
| 245 | 1 | 0 |
_aPiccadilly Jim _cby P.G. Wodehouse. |
| 260 |
_aLondon _bHerbert Jenkins limited _c[19--] |
||
| 300 |
_a316 p. _c17 cm. |
||
| 500 | _aAu823 | ||
| 500 | _aEstado fĂsico: Rasgadura en la parte superior del lomo. | ||
| 650 | 1 | 4 |
_aLiteratura inglesa _924776 |
| 902 | _aGRL | ||
| 942 |
_2lcc _cB |
||
| 999 |
_c9542 _d9542 |
||